000 00351nam a2200145Ia 4500
008 240624s9999 xx 000 0 und d
041 _aeng
082 _a650.01513 CLE
100 _aCLEAVES CHERYL
245 _aBUSINESS MATH
250 _a(10th ed.)
260 _c2014
_aNew York
_bPearson
300 _axxvi, : 863 : p. : cm. ; 30
365 _c
_b30
999 _c27070
_d27070